East India Company and the natural world (Record no. 1225587)

MARC details
000 -LEADER
fixed length control field 00671nam a2200229Ia 4500
005 - DATE AND TIME OF LATEST TRANSACTION
control field 20241129104352.0
008 - FIXED-LENGTH DATA ELEMENTS--GENERAL INFORMATION
fixed length control field 241129s9999||||xx |||||||||||||| ||und||
020 ## - INTERNATIONAL STANDARD BOOK NUMBER
International Standard Book Number 9781137427267
037 ## - SOURCE OF ACQUISITION
Stock number Textual
040 ## - CATALOGING SOURCE
Original cataloging agency RTL
Language of cataloging eng
Transcribing agency RTL
041 ## - LANGUAGE CODE
Language code of text/sound track or separate title eng
Source of code eng
084 ## - COLON CLASSIFICATION NUMBER
Classification number V2,k,E.N Q5
Assigning agency RTL
100 ## - MAIN ENTRY--PERSONAL NAME
Personal name Damodaran Vinita
245 #0 - TITLE STATEMENT
Title East India Company and the natural world
Statement of responsibility, etc. Damodaran Vinita
260 ## - PUBLICATION, DISTRIBUTION, ETC.
Place of publication, distribution, etc. USA
Name of publisher, distributor, etc. Palgrave Macmillan
Date of publication, distribution, etc. 2012
300 ## - PHYSICAL DESCRIPTION
Extent xiv,297p.
365 ## - TRADE PRICE
Price type code INR
Price amount 6432.6
490 ## - SERIES STATEMENT
Series statement Palgrave Macmillan,
650 ## - SUBJECT ADDED ENTRY--TOPICAL TERM
Topical term or geographic name entry element Environmental Impact of Colonial Trade
9 (RLIN) 726051
942 ## - ADDED ENTRY ELEMENTS (KOHA)
Koha item type Textbook
Classification part V2,k,E.N Q5
Holdings
Withdrawn status Lost status Damaged status Not for loan Home library Current library Date acquired Source of acquisition Cost, normal purchase price Inventory number Total Checkouts Full call number Barcode Date last seen Price effective from Koha item type
        Ratan Tata Library Ratan Tata Library 2024-11-29 Ansh Book International 6432.60 02071 & 23/2/23   V2,k,E.N Q5 RT1585052 2024-11-29 2024-11-29 Textbook
Copyright @ Delhi University Library System